Quizzes
Events
Quiz Creation
Community
Videos
Private Events
Remove Ads
Sign In
Join for FREE
Feedback
Dark Mode
Quiz Categories
Sports
Geography
Music
Movies
Television
Just For Fun
Miscellaneous
History
Literature
Language
Science
Gaming
Entertainment
Religion
Holiday
For Kids
Quiz Lab
Recent
Popular Today
Quiz Kudos Today
Editor Picks
Curator Picks
Quizzes by...
Day
Popularity
Type
Ratings
Length
Year
Community
Subscriptions
Recent Discussions
Orange Saloon
Badges
Playlists
Quests
Create
Leaderboards
Showdown
Live 5
Trivia Bingo
Activity
Puzzle Library
Sporcle Events
Private Events
Virtual Trivia
Globe League
Become a Host
Pub Owners
SporcleCon
Opinionation
Our Games
Videos
Blog
Mobile Apps
Partnerships
Remove Ads and Go Orange
Feedback
Movies
Disney
Marvel Cinematic Universe
Movie Resume
Movie Titles
Oscar
Actor
Actress
Director
Pixar
Role
Movie Quotes
Movie Characters
Box Office
Nominee
Best Picture
Star Wars
James Bond
Horror Movies
Movies
Disney
Marvel Cinematic Universe
Movie Resume
Movie Titles
Oscar
Actor
Actress
Director
Pixar
Role
Movie Quotes
Movie Characters
Box Office
Nominee
Best Picture
Star Wars
James Bond
Horror Movies
Random Quiz
Search Sporcle
×
Quiz Lab
Quiz Lab
Movies
Follow That Line
Select answers by clicking on text or image buttons
Select answers by clicking on text or image buttons
Clickable
Best Score? Go Orange.
Follow that line: Wedding Crashers Stats
Can you pick the Follow that line: Wedding Crashers?
By
stevefromiu
7m
20 Questions
4,646 Plays
4,646 Plays
4,646 Plays
Comments
Comments
Give Quiz Kudos
Give Quiz Kudos
-
- Ratings
hide this ad
Forced Order
Answers have to be entered in order
Answers have to be entered in order
Random Order
Randomize order of answers
Randomize order of answers
Replay
Link that replays current quiz
Next Quiz
Link to next quiz in quiz playlist
You Got
0%
They Got
Avg Score
87%
Avg Friend Score
Upgrade to see
Score Distribution
Jump to the score distribution portion of the page
Score
0/20
Timer
07:00
0
Plays Today
% Correct
might as well be a bullseye
97.4%
Holy Shirts and Pants
93.2%
I think we only use 10 percent of our hearts.
93.1%
No, you lock it up.
92.3%
What'd you do with them? Motorboat?
91.3%
Gloria, I'm pretty sure that is *not* what I've been saying to you.
91.1%
John, I was first team All-State. I can put the ball anywhere I want to. I'll make it rain out here.
90.5%
And then of course you can challenge the Klingons for interstellar domination.
90.5%
She's all yours, I ain't gonna fight you
89.9%
We had to give her a sweet sixteen on her thirteenth birthday
89.7%
% Correct
I got a stage five clinger. Stage five, virgin, clinger.
87.8%
That's what Maryland does
87.1%
You and I both know I'm a phenomenal dancer!
86.7%
Grow up Peter Pan, Count Chocula.
85.4%
Step on my head when I am drowning
84.8%
You have a wedding and a reception to seal the deal. Period. There's no overtime.
84.3%
What an idiot!
82.8%
What? What an idiot! What a loser! Good! Good! More for you and me.
80.7%
Play like a champion
77.1%
Make me a bicycle, clown!
76.6%
Quiz Playlist
Details
Report
Send in Message
Add To Playlist
Clickable:
Select answers by clicking on text or image buttons
Forced Order:
Answers have to be entered in order
Random Order:
Randomize order of answers
Last Updated: Feb 16, 2017
Quiz Scoreboard
CHALLENGE
Sign Up to Join the Scoreboard
Show All
Scores
Hide
Comments
May contain spoilers
Recently Published
Click the 1999 NBA Draft
by nibperrychub
Sports
2m
Alphabetical 'K' Countries by Flag Minefield
by ylime102
Geography
3m
Pick 6: Fruits
by JohnFran
Miscellaneous
15s
More to Explore
Quiz From the Vault
Featured Blog Post
15 Basketball Trivia Facts You Can Be March Mad About
hide this ad
You Might Also Like...
Tags
Follow That Line Quiz
Today's Top Quizzes in Movies
Browse Movies
hide this ad
Today's Top Quizzes in Follow That Line
Browse Follow That Line
Top Contributed Quizzes in Movies
1
Pick 6: Harry Potter
2
Pick 6: Actors
3
Pick 6: Movie Franchises
4
Pick 6: Actresses
5
Pick 6: Disney Princesses
6
Match The President To The Fictional Crisis
7
10 Quentin Tarantino Movies in Order
8
Minor Oscar Winners (1980s)
9
Sorting Squares 5 to 1- 1 to 5 Tom Hanks Movies
10
Seasonal Films
Explore More
Trending Topics
Marvel
Harry Potter
Kpop
Disney
Anime
Crossword
NBA
Puzzle
Pokémon
WWE
Soccer
NFL
The Office
Song
Country
hide this ad
More By:
stevefromiu
Quiz
Plays
Rating
Category
Featured
Created
Follow that line: Wedding Crashers
4,646
4.30
Movies
Sep 10, 2012
Follow that Line: Austin Powers 2 (SWSM)
3,610
4.27
Movies
Sep 13, 2012
Follow that Line: Naked Gun
3,589
4.78
Movies
Sep 4, 2012
Follow that Line: Meet the Parents
3,202
4.00
Movies
Sep 11, 2012
Follow that Line: Old School
2,055
4.60
Movies
Sep 19, 2012
Go to Creator's Profile
Score Distribution
Quiz Creator Spotlight
stevefromiu
Follow
Send a Message
Quizzes Created
-
Created Quiz Play Count
-
More By This Creator
Popular Quizzes Today
1
Find the US States - No Outlines Minefield
2
Countries of Asia Without Outlines Minefield
3
Pick 6: Fruits
4
Alphabetical 'K' Countries by Flag Minefield
5
The Countries of the World
6
Click the 1999 NBA Draft
7
Match the Book to the Film X
8
Find the US States
More Movies Quizzes
Real Person, Real Oscar: Actors
Curator's Pick
Trending Quizzes
Pick 6: Harry Potter
Pick 6: Golfers
Pick 6: Movie Franchises
Pick 6: Foods
Pick 6: Landmarks
Recently Updated
Women's Final Four Teams by Year
bhenderson79
Presidents Quartet II
eogle
Anything But Clue(do)
eogle
Anything But Oceanian Capitals
eogle
Anything But 7
eogle
Anything But Thing
eogle
Word Ladder: February 29
pecheneg
Song Title Questions
pecheneg
Women's NCAA Tournament #1 Seeds
pecheneg
Celebrity Mug Shots
pecheneg
Trending Topics
Kpop
Marvel
NBA
Disney
Anime
Harry Potter
Crossword
NFL
Soccer
Song
Country
Puzzle
WWE
Pokémon
The Office
Your Account Isn't Verified!
In order to create a playlist on Sporcle, you need to verify the email address you used during registration. Go to your
Sporcle Settings
to finish the process.
Report this User
Report this user for behavior that violates our
Community Guidelines
.
Details:
Send Report
Go to the Sporcle.com Mobile Site →
Comments